Unit 4 Ecclesiastical Latin Vocab - Statistics

General Stats
  • This quiz has been taken 61 times
  • The average score is 20 of 30
Answer Stats
Latin English % Correct
magnus, -a, -um great, large, big
91%
numerus, numerī, m. number, multitude
84%
sacrāmentum, sacrāmentī, n. sacrament
84%
novus, -a, -um new, recent
81%
antīquus, -a, -um old, ancient; subst., pl.: ancients, forefathers
81%
noster, nostra, nostrum our, ours
81%
sacer, sacra, sacrum holy, sacred
78%
malus, -a, -um bad, evil, wicked
75%
bonus, -a, -um good
75%
ubi (interrog. adv.) where?
75%
magister, magistrī, m. teacher, master, rabbi
75%
tuus, -a, -um your, yours (sing.)
75%
clārus, -a, -um clear, bright; glorious, famous
72%
multus, -a, -um much, many
72%
mundus, mundī, m. world
72%
mortuus, -a, -um dead
69%
aeternus, -a, -um eternal
69%
animus, animī, m. heart, mind, spirit
69%
meus, -a, -um my, mine
66%
beātus, -a, -um blessed, happy
59%
gladius, gladiī, m. sword
59%
in aeternum forever
53%
modus, modī, m. manner, way
53%
vērus, -a, -um true
53%
aurum, aurī, n. gold
50%
Sabaōth (Hebrew: indecl. pl. noun) armies, hosts
44%
vīvus, -a, -um living, alive
44%
cēnāculum, cēnāculī, n. dining room, upper room, upstairs room
41%
pius, -a, -um holy; loving, tender
25%
impius, -a, -um wicked, godless
25%
No matching quizzes found
Score Distribution
Percent of People with Each Score
Percentile by Number Answered
Your Score History
You have not taken this quiz